Kinh tế và dự báo = Economy and forecast review Số 17
Nội dung ứng dụng phân tích dữ liệu lớn trong kinh doanh,...
Enregistré dans:
| Format: | Livre |
|---|---|
| Langue: | Vietnamese |
| Publié: |
H.
Bộ Kế hoạch và đầu tư
2020
|
| Sujets: | |
| Tags: |
Ajouter un tag
Pas de tags, Soyez le premier à ajouter un tag!
|
| Thư viện lưu trữ: | Thư viện Trường Đại học Nam Cần Thơ |
|---|
| LEADER | 00850nam a22002177a 4500 | ||
|---|---|---|---|
| 001 | NCT_101685 | ||
| 008 | 220303b xxu||||| |||| 00| 0 vie d | ||
| 999 | |c 5100 |d 5100 | ||
| 022 | |a 0866-7120 | ||
| 041 | 0 | |a vie | |
| 082 | 0 | 4 | |2 23rd ed. |a 330 |b K312T |
| 245 | 0 | 0 | |a Kinh tế và dự báo = |b Economy and forecast review |n Số 17 |c Bộ Kế hoạch và đầu tư |
| 260 | |a H. |b Bộ Kế hoạch và đầu tư |c 2020 | ||
| 300 | |c 29 cm | ||
| 310 | |a Tháng 2 kỳ | ||
| 362 | |a 05/2020 | ||
| 520 | 3 | |a Nội dung ứng dụng phân tích dữ liệu lớn trong kinh doanh,... | |
| 655 | |a Tạp chí | ||
| 942 | |2 ddc |c CR | ||
| 952 | |0 0 |1 0 |2 ddc |4 0 |6 330_000000000000000_K312T |7 0 |9 22527 |a 000001 |b 000001 |d 2022-03-15 |o 330 K312T |r 2022-03-15 |w 2022-03-15 |y CR | ||
| 980 | |a Thư viện Trường Đại học Nam Cần Thơ | ||